La conducta profesional del contador público y su neutralidad desde el punto de vista ético (Registro nro. 9314)
[ vista simple ]
| 000 -LEADER | |
|---|---|
| fixed length control field | 00457 a2200133 4500 |
| 001 - CONTROL NUMBER | |
| control field | ART_8252 |
| 005 - DATE AND TIME OF LATEST TRANSACTION | |
| control field | 20260410161557.0 |
| 008 - FIXED-LENGTH DATA ELEMENTS--GENERAL INFORMATION | |
| fixed length control field | 260409a |
| 100 1# - MAIN ENTRY--PERSONAL NAME | |
| Personal name | Canetti, Miguel Marcelo |
| 245 10 - TITLE STATEMENT | |
| Title | La conducta profesional del contador público y su neutralidad desde el punto de vista ético |
| 700 1# - ADDED ENTRY--PERSONAL NAME | |
| Personal name | Freire, Liliana B. |
| 700 1# - ADDED ENTRY--PERSONAL NAME | |
| Personal name | Neira, Graciela M. |
| 773 0# - HOST ITEM ENTRY | |
| Title | Profesional & Empresaria |
| Related parts | - Año XII, Nº 128 (may. 2010) |
| Record control number | REV70 |
No hay ítems disponibles.